[Event "SWE-ch"]
[Site "Boras"]
[Date "1979.??.??"]
[Round "?"]
[White "Wedberg, Tom"]
[Black "Kinnmark, Ove"]
[Result "1-0"]
[WhiteElo "2425"]
[BlackElo "2365"]
[PlyCount "103"]
[EventDate "1979.07.01"]
[Source "ChessBase"]

1. e4 e5 2. Nf3 Nc6 3. Bb5 a6 4. Ba4 d6 5. O-O Bd7 6. c4 g6 7. d4 exd4 8. Nxd4 Bg7 9. Be3 Nf6 10. Nxc6 Bxc6 11. Bxc6+ bxc6 12. Nc3 O-O 13. f3 Re8 14. Qd2 c5 15. Rad1 Qb8 16. Qc2 Qb4 17. Na4 Qb7 18. Bd2 Nd7 19. Bc3 Ne5 20. f4 Nc6 21. Bxg7 Kxg7 22. Nc3 Nd4 23. Qf2 f6 24. Rd3 Rf8 25. Rh3 c6 26. Qd2 Rae8 27. Re3 f5 28. Rfe1 Qd7 29. b3 fxe4 30. Nxe4 h6 31. b4 Qg4 32. Nxd6 Rxe3 33. Qxe3 Qxf4 34. bxc5 Qxe3+ 35. Rxe3 Rb8 36. h3 Rb1+ 37. Kh2 Rb2 38. Ra3 Ne2 39. Rxa6 Nf4 40. Kg3 Nxg2 41. Rxc6 Ne1 42. Rb6 Rg2+ 43. Kf4 Nd3+ 44. Kf3 Rc2 45. c6 Ne5+ 46. Ke4 Nxc4 47. Nxc4 Rxc4+ 48. Kd5 Rc2 49. Rb4 Kf7 50. Rc4 Rd2+ 51. Rd4 Rc2 52. Kd6 1-0

[Event "XXIV Open"]
[Site "Cappelle La Grande FRA"]
[Date "2008.02.19"]
[Round "5"]
[White "Fierro Baquero, M."]
[Black "Hess, Ro"]
[Result "1/2-1/2"]
[WhiteElo "2341"]
[BlackElo "2445"]
[PlyCount "53"]
[EventDate "2008.02.16"]
[Source "www.chesslib.no"]
[SourceDate "2004.05.04"]

1. e4 e5 2. Nf3 Nc6 3. Bb5 a6 4. Ba4 d6 5. d4 Bd7 6. O-O Nge7 7. d5 Nb8 8. c4 Ng6 9. Nc3 Be7 10. Be3 h6 11. b4 Bg5 12. c5 Bxe3 13. fxe3 O-O 14. Qd3 Qe7 15. Bxd7 Nxd7 16. c6 bxc6 17. dxc6 Nf6 18. a4 d5 19. Nxd5 Nxd5 20. Qxd5 Qxb4 21. Nxe5 Nxe5 22. Qxe5 Rae8 23. Qxc7 Qxe4 24. Rac1 Re6 25. Qf4 Qxf4 26. Rxf4 Rc8 27. Rfc4 1/2-1/2

[Event "Harmonie Invitation"]
[Site "?"]
[Date "2005.12.28"]
[Round "6"]
[White "Pruijssers Roeland"]
[Black "Ernst Sipke"]
[Result "0-1"]
[WhiteElo "2310"]
[BlackElo "2473"]
[PlyCount "42"]
[EventDate "2005.??.??"]
[Source "www.chesslib.no"]
[SourceDate "2004.05.04"]

1. e4 e5 2. Nf3 Nc6 3. Bb5 a6 4. Ba4 d6 5. d4 b5 6. Bb3 Nxd4 7. Nxd4 exd4 8. c3 d3 9. Qxd3 Nf6 10. Bg5 Be7 11. a4 Bb7 12. Bxf6 Bxf6 13. axb5 O-O 14. Nd2 axb5 15. Rxa8 Qxa8 16. Bc2 Qa1+ 17. Nb1 Qxb2 18. e5 g6 19. exf6 Bxg2 20. Kd1 Bxh1 21. f3 b4 0-1

[Event "USA Open"]
[Site "United States of America"]
[Date "1990.??.??"]
[Round "?"]
[White "Rachels, Stuart C"]
[Black "Rolletschek, Heinrich"]
[Result "1-0"]
[WhiteElo "2380"]
[BlackElo "2400"]
[PlyCount "77"]
[EventDate "1990.??.??"]
[Source "www.chesslib.no"]
[SourceDate "2004.05.04"]

1. e4 e5 2. Nf3 Nc6 3. Bb5 a6 4. Ba4 d6 5. O-O Bd7 6. c4 g6 7. d4 Bg7 8. d5 Nb8 9. Nc3 Ne7 10. Ne1 O-O 11. f4 Bxa4 12. Qxa4 exf4 13. Bxf4 Nd7 14. Nf3 Bxc3 15. bxc3 f6 16. Rf2 Nc8 17. Be3 Ncb6 18. Qb3 Qe7 19. Re1 Nc5 20. Bxc5 dxc5 21. Rfe2 Rae8 22. e5 fxe5 23. Nxe5 Qg5 24. Qd1 Kg7 25. Nf3 Qd8 26. Qd3 Nc8 27. h4 h6 28. h5 gxh5 29. Nh4 Qxh4 30. Rxe8 Qf2+ 31. Kh2 Qh4+ 32. Qh3 Qxh3+ 33. Kxh3 Nd6 34. Rxf8 Kxf8 35. Kh4 Nxc4 36. Kxh5 b5 37. Kxh6 Nb6 38. g4 Nxd5 39. g5 1-0

[Event "VI Cup GM, Paks HUN"]
[Site "?"]
[Date "2001.??.??"]
[Round "9"]
[White "Rajlich, V."]
[Black "Markus, R."]
[Result "1/2-1/2"]
[WhiteElo "2330"]
[BlackElo "2440"]
[PlyCount "119"]
[EventDate "2001.??.??"]
[Source "www.chesslib.no"]
[SourceDate "2004.05.04"]

1. e4 e5 2. Nf3 Nc6 3. Bb5 a6 4. Ba4 d6 5. d4 b5 6. Bb3 Nxd4 7. Nxd4 exd4 8. c3 Nf6 9. cxd4 Bb7 10. f3 Be7 11. O-O O-O 12. Be3 c5 13. Qd2 Nd7 14. Nc3 Nb6 15. Rad1 Rc8 16. dxc5 dxc5 17. Qc1 Qe8 18. Nd5 Bxd5 19. Bxd5 Nxd5 20. Rxd5 Qc6 21. Rfd1 c4 22. Rd7 Bc5 23. R1d5 Bxe3+ 24. Qxe3 c3 25. bxc3 Qxc3 26. Qxc3 Rxc3 27. a4 bxa4 28. Ra5 a3 29. Rxa6 Rb8 30. Rb7 Rd8 31. Rd7 Rb8 32. h4 Rc2 33. Rb7 Rd8 34. Rd7 Rb8 35. Rxa3 g6 36. h5 Rb1+ 37. Kh2 Rbb2 38. Ra8+ Kg7 39. Raa7 Rxg2+ 40. Kh3 Rh2+ 41. Kg3 Rxh5 42. Rxf7+ Kg8 43. Rg7+ Kh8 44. Rgc7 Rb8 45. f4 Rh1 46. e5 Kg8 47. Rg7+ Kh8 48. Rgd7 Kg8 49. Kf3 Re8 50. e6 Rh5 51. Rg7+ Kh8 52. Rge7 Rxe7 53. Rxe7 Kg8 54. Ke4 Kf8 55. Ra7 Ke8 56. Rf7 Kd8 57. f5 Rxf5 58. Rxh7 Ke8 59. Rg7 Ra5 60. Rxg6 1/2-1/2

[Event "ARG Ch"]
[Site "Argentina"]
[Date "1992.??.??"]
[Round "?"]
[White "Needleman, Alejandro"]
[Black "Cid, Marino Alejandro"]
[Result "1/2-1/2"]
[WhiteElo "2340"]
[BlackElo "2425"]
[PlyCount "105"]
[EventDate "1992.??.??"]
[Source "www.chesslib.no"]
[SourceDate "2004.05.04"]

1. e4 e5 2. Nf3 Nc6 3. Bb5 a6 4. Ba4 d6 5. d4 b5 6. Bb3 Nxd4 7. Nxd4 exd4 8. Bd5 Rb8 9. Bc6+ Bd7 10. Bxd7+ Qxd7 11. Qxd4 Nf6 12. O-O Be7 13. Nc3 O-O 14. Be3 Rfe8 15. Rad1 Bf8 16. f3 Qc6 17. Rf2 Nd7 18. Nd5 Ne5 19. h3 Qb7 20. f4 Nd7 21. Qd3 a5 22. f5 c6 23. Nc3 b4 24. Nb1 Ne5 25. Qe2 d5 26. Rf4 Nc4 27. Bc1 Re5 28. Qf3 Rbe8 29. b3 dxe4 30. Qg4 Nb6 31. Bb2 Nd5 32. Bxe5 Rxe5 33. Rxe4 Qb6+ 34. Kh1 Nf6 35. Rxe5 Nxg4 36. hxg4 f6 37. Re4 Qf2 38. Nd2 Qh4+ 39. Kg1 Bc5+ 40. Kf1 Qh1+ 41. Ke2 Qxg2+ 42. Kd3 Bf8 43. Rde1 h5 44. R1e2 Qh3+ 45. R2e3 Qh1 46. gxh5 Qxh5 47. Rf3 Qh1 48. Re6 c5 49. Ra6 Qg1 50. Ra8 Qd4+ 51. Ke2 Qe5+ 52. Re3 Qh2+ 53. Kd3 1/2-1/2

[Event "RUS-Cup03 (Geller mem)"]
[Site "Moscow"]
[Date "1999.02.12"]
[Round "3"]
[White "Belov, Alexei"]
[Black "Vorotnikov, Vladislav V"]
[Result "0-1"]
[WhiteElo "2295"]
[BlackElo "2463"]
[PlyCount "64"]
[EventDate "1999.02.10"]
[Source "ChessBase"]
[SourceDate "1999.06.08"]

1. e4 e5 2. Nf3 Nc6 3. Bb5 a6 4. Ba4 d6 5. d4 b5 6. Bb3 Nxd4 7. Nxd4 exd4 8. Bd5 Rb8 9. Bc6+ Bd7 10. Bxd7+ Qxd7 11. Qxd4 Nf6 12. O-O Be7 13. Nc3 O-O 14. Bd2 Rfe8 15. f3 b4 16. Nd5 Nxd5 17. Qxd5 Bf6 18. c3 bxc3 19. Bxc3 Bxc3 20. bxc3 Re5 21. Qd3 Qc6 22. Rfb1 Reb5 23. Rb3 Rxb3 24. axb3 Qb6+ 25. Kf1 Qxb3 26. Rxa6 Qb2 27. Ra5 h6 28. Rd5 Qa1+ 29. Kf2 Rb2+ 30. Kg3 Qe1+ 31. Kf4 Rxg2 32. Rb5 Qc1+ 0-1

[Event "Barbera Open"]
[Site "Barbera"]
[Date "1996.??.??"]
[Round "1"]
[White "Ridameya Tatche, Jose"]
[Black "Arencibia, Walter"]
[Result "0-1"]
[WhiteElo "2240"]
[BlackElo "2515"]
[PlyCount "106"]
[EventDate "1996.??.??"]
[Source "www.chesslib.no"]
[SourceDate "2004.05.04"]

1. e4 e5 2. Nf3 Nc6 3. Bb5 a6 4. Ba4 d6 5. d4 b5 6. Bb3 Nxd4 7. Nxd4 exd4 8. Bd5 Rb8 9. Bc6+ Bd7 10. Bxd7+ Qxd7 11. Qxd4 Nf6 12. O-O Be7 13. Nc3 O-O 14. Bg5 b4 15. e5 dxe5 16. Qxd7 Nxd7 17. Bxe7 bxc3 18. Bxf8 cxb2 19. Rab1 Kxf8 20. Rfe1 Ke7 21. Re3 Nc5 22. Rxe5+ Kd6 23. f4 f5 24. Re3 Kd5 25. Rb3 Nxb3 26. Rxb2 Ke4 27. cxb3 Kxf4 28. Rc2 Rb7 29. Rc6 Ra7 30. Re6 Kg5 31. Re7 Kf6 32. Rd7 a5 33. Kf2 h6 34. Kf3 g6 35. Rh7 Kg5 36. g3 a4 37. bxa4 Kh5 38. Rf7 Rxa4 39. Rxc7 Ra3+ 40. Kf4 Rxa2 41. h3 Ra3 42. h4 g5+ 43. Kxf5 Rf3+ 44. Ke4 Rxg3 45. hxg5 hxg5 46. Rg7 Rh3 47. Kf5 Rf3+ 48. Ke4 g4 49. Rh7+ Kg5 50. Rg7+ Kh4 51. Rh7+ Kg3 52. Rg7 Rf8 53. Rg6 Kh3 0-1

[Event "Julian Borowski-C 4th"]
[Site "Essen"]
[Date "2002.05.24"]
[Round "8"]
[White "Baramidze, David"]
[Black "Klovans, Janis"]
[Result "0-1"]
[WhiteElo "2321"]
[BlackElo "2431"]
[PlyCount "68"]
[EventDate "2002.05.16"]
[Source "ChessBase"]
[SourceDate "2002.07.08"]

1. e4 e5 2. Nf3 Nc6 3. Bb5 a6 4. Ba4 d6 5. d4 b5 6. Bb3 Nxd4 7. Nxd4 exd4 8. Bd5 Rb8 9. Bc6+ Bd7 10. Bxd7+ Qxd7 11. Qxd4 Nf6 12. O-O Be7 13. Nc3 O-O 14. Bf4 Rfe8 15. Rad1 Qc6 16. Qd3 Bf8 17. Rfe1 Re6 18. Bg5 Nd7 19. Nd5 Rbe8 20. f3 f5 21. Nf4 fxe4 22. Qb3 Nc5 23. Qc3 Re5 24. Bh4 exf3 25. b4 Rxe1+ 26. Bxe1 Qe4 27. Bg3 Na4 28. Qxc7 Qe3+ 29. Kf1 Nc3 30. Re1 Ne2 31. Bf2 Qxf4 32. Qc6 Re5 33. gxf3 Nd4 34. Rxe5 Nxc6 0-1

[Event "Nice ol (Men)"]
[Site "Nice FRA"]
[Date "1974.??.??"]
[Round "10"]
[White "McKay, Roderick M"]
[Black "Biyiasas, Peter"]
[Result "0-1"]
[WhiteElo "2330"]
[BlackElo "2420"]
[PlyCount "68"]
[EventDate "1974.06.06"]
[Source "www.chesslib.no"]
[SourceDate "2004.05.04"]

1. e4 e5 2. Nf3 Nc6 3. Bb5 a6 4. Ba4 d6 5. d3 g6 6. c3 Bg7 7. Nbd2 Nh6 8. Nf1 Bd7 9. h4 f6 10. h5 g5 11. Ne3 Nf7 12. Bb3 h6 13. Nh2 O-O 14. Qf3 Qc8 15. Nhg4 Kh7 16. Bd1 Ne7 17. Bc2 Kh8 18. O-O d5 19. Nh2 d4 20. Neg4 f5 21. exf5 Nxf5 22. Bd2 c5 23. Bb3 Bc6 24. Qe2 Qc7 25. Nf3 Rae8 26. cxd4 Nxd4 27. Nxd4 exd4 28. Qd1 Ne5 29. Nxe5 Bxe5 30. Qg4 Bh2+ 31. Kh1 Bf4 32. Rad1 Bxd2 33. Rxd2 Rf4 34. Qg3 Re3 0-1

[Event "Tel Aviv"]
[Site "Tel Aviv ISR"]
[Date "1993.??.??"]
[Round "?"]
[White "Haimovich, Tal"]
[Black "Davies, Nigel R"]
[Result "0-1"]
[WhiteElo "2280"]
[BlackElo "2470"]
[PlyCount "130"]
[EventDate "1993.??.??"]
[Source "www.chesslib.no"]
[SourceDate "2004.05.04"]

1. e4 e5 2. Nf3 Nc6 3. Bb5 a6 4. Ba4 d6 5. d4 b5 6. Bb3 Nxd4 7. Nxd4 exd4 8. Bd5 Rb8 9. Bc6+ Bd7 10. Bxd7+ Qxd7 11. Qxd4 Nf6 12. O-O Be7 13. Nc3 O-O 14. Bg5 b4 15. Nd1 Rb5 16. Bxf6 Bxf6 17. Qd3 Re8 18. a3 Ra5 19. Rb1 bxa3 20. bxa3 Qa4 21. Rb3 Rb5 22. Rxb5 Qxb5 23. Ne3 Rb8 24. Nd5 Bd8 25. Nb4 a5 26. Qxb5 Rxb5 27. Nd3 Bf6 28. Rd1 Kf8 29. Kf1 Ke7 30. Ke2 Bc3 31. Nc1 Bb2 32. a4 Rc5 33. Nb3 Rxc2+ 34. Rd2 Rxd2+ 35. Kxd2 Ba3 36. Kd3 Bb4 37. Kd4 Ke6 38. f3 c6 39. Nc1 f5 40. Nd3 Bd2 41. Nb2 h5 42. h3 Kf6 43. Nd3 Ke6 44. Nb2 Ke7 45. Nd3 Kf6 46. Nf2 Bb4 47. Nd3 Bd2 48. Nf2 Bb4 49. Nd3 fxe4 50. fxe4 Bd2 51. Nf2 Kg5 52. e5 d5 53. Nd3 Kf5 54. g4+ hxg4 55. hxg4+ Ke6 56. Nc5+ Ke7 57. Nd3 g6 58. Kc5 Kd7 59. Kd4 Kc7 60. Nc5 Bc1 61. Nd3 Bg5 62. Nc5 Be7 63. Ne6+ Kd7 64. Nf4 g5 65. Nd3 Ke6 0-1

[Event "Donau Cup Open"]
[Site "Budapest HUN"]
[Date "1992.??.??"]
[Round "10"]
[White "Varga, Zoltan"]
[Black "Fokin, Sergey"]
[Result "1-0"]
[WhiteElo "2410"]
[BlackElo "2340"]
[PlyCount "73"]
[EventDate "1992.??.??"]
[Source "www.chesslib.no"]
[SourceDate "2004.05.04"]

1. e4 e5 2. Nf3 Nc6 3. Bb5 a6 4. Ba4 d6 5. h3 Bd7 6. O-O g6 7. d4 Bg7 8. Bg5 f6 9. Be3 Nh6 10. Bb3 Na5 11. dxe5 dxe5 12. Nc3 Nxb3 13. axb3 Be6 14. Qe2 O-O 15. Rfd1 Qe8 16. Nd5 Rc8 17. Qd2 Nf7 18. Bc5 Nd6 19. Nxc7 Rxc7 20. Bxd6 Rd7 21. Qb4 Rff7 22. c4 Qc8 23. Qb6 Qd8 24. Qxd8+ Rxd8 25. Bb4 Rfd7 26. Rxd7 Rxd7 27. Kf1 Rd3 28. Bc3 Bf8 29. Ke2 Rd8 30. Rd1 Rxd1 31. Kxd1 Bc5 32. Ke2 Kf7 33. Nd2 h5 34. f3 g5 35. b4 Be7 36. b3 b5 37. Kd3 1-0

[Event "Arnold Cup"]
[Site "Gausdal NOR"]
[Date "1990.??.??"]
[Round "4"]
[White "Bjornsson, Tomas"]
[Black "Bronstein, David I"]
[Result "1/2-1/2"]
[WhiteElo "2300"]
[BlackElo "2445"]
[PlyCount "30"]
[EventDate "1990.??.??"]
[Source "www.chesslib.no"]
[SourceDate "2004.05.04"]

1. e4 e5 2. Nf3 Nc6 3. Bb5 a6 4. Ba4 d6 5. d4 b5 6. Bb3 Nxd4 7. Nxd4 exd4 8. Bd5 Rb8 9. Bc6+ Bd7 10. Bxd7+ Qxd7 11. Qxd4 Nf6 12. O-O Be7 13. Nc3 O-O 14. Qd3 Rfe8 15. f3 Rbd8 1/2-1/2

[Event "Clarin-B"]
[Site "Buenos Aires ARG"]
[Date "1978.??.??"]
[Round "8"]
[White "Foguelman, Alberto"]
[Black "Donoso Velasco, Pedro H"]
[Result "0-1"]
[WhiteElo "2335"]
[BlackElo "2405"]
[PlyCount "36"]
[EventDate "1978.11.??"]
[Source "www.chesslib.no"]
[SourceDate "2004.05.04"]

1. e4 e5 2. Nf3 Nc6 3. Bb5 a6 4. Ba4 d6 5. d4 b5 6. Bb3 Nxd4 7. Nxd4 exd4 8. c3 Bb7 9. O-O Nf6 10. Re1 Be7 11. Bg5 dxc3 12. Nxc3 O-O 13. f4 b4 14. Nb1 Nxe4 15. Bxe7 Qxe7 16. Bd5 Bxd5 17. Qxd5 Rae8 18. Qc6 Qf6 0-1

[Event "Thessaloniki ol (Men)"]
[Site "Thessaloniki GRE"]
[Date "1988.??.??"]
[Round "1"]
[White "Velimirovic, Dragoljub"]
[Black "Maynard, Francis"]
[Result "1-0"]
[WhiteElo "2540"]
[BlackElo "2200"]
[PlyCount "51"]
[EventDate "1988.11.??"]
[Source "www.chesslib.no"]
[SourceDate "2004.05.04"]

1. e4 e5 2. Nf3 Nc6 3. Bb5 a6 4. Ba4 d6 5. d4 b5 6. Bb3 Nxd4 7. Nxd4 exd4 8. c3 Bb7 9. O-O Nf6 10. cxd4 Nxe4 11. Re1 Be7 12. Qf3 d5 13. Rxe4 dxe4 14. Qxf7+ Kd7 15. Qf5+ Kc6 16. Qe6+ Qd6 17. d5+ Kb6 18. Be3+ c5 19. dxc6+ Kxc6 20. Bd5+ Kc7 21. Bf4 Qxf4 22. Qxe7+ Kb6 23. Qxb7+ Ka5 24. Nc3 e3 25. a3 exf2+ 26. Kf1 1-0

[Event "Mondariz op"]
[Site "Mondariz"]
[Date "1996.??.??"]
[Round "?"]
[White "Gaspar, Artur"]
[Black "Arencibia, Walter"]
[Result "0-1"]
[WhiteElo "2180"]
[BlackElo "2555"]
[PlyCount "120"]
[EventDate "1996.07.??"]
[Source "www.chesslib.no"]
[SourceDate "2004.05.04"]

1. e4 e5 2. Nf3 Nc6 3. Bb5 a6 4. Ba4 d6 5. d4 b5 6. Bb3 Nxd4 7. Nxd4 exd4 8. Bd5 Rb8 9. Qxd4 Nf6 10. O-O Be7 11. Bc6+ Bd7 12. Bxd7+ Qxd7 13. Nc3 O-O 14. Re1 Rfe8 15. Bf4 b4 16. Nd5 Nxd5 17. Qxd5 Bf6 18. Rab1 Rb5 19. Qd3 Qc6 20. Re2 Ra5 21. a3 bxa3 22. bxa3 g6 23. h3 Rc5 24. Rb3 a5 25. Bc1 Rc4 26. Bb2 Bxb2 27. Rxb2 Rexe4 28. Rxe4 Rxe4 29. Qd2 Qc5 30. Rb3 Qe5 31. g3 Re1+ 32. Kg2 a4 33. Re3 Rxe3 34. fxe3 Qe4+ 35. Kh2 Qc4 36. h4 f5 37. Kh3 Kf7 38. Kh2 Ke6 39. Kh3 Qd5 40. Qe1 Qc5 41. Qc1 Qc3 42. Kg2 c5 43. Kh2 Ke5 44. Kg2 d5 45. Kf2 Kd6 46. Kg2 h6 47. Kh3 g5 48. hxg5 hxg5 49. Kg2 g4 50. Kh2 Kc6 51. Kg2 d4 52. exd4 Qf3+ 53. Kh2 Qf2+ 54. Kh1 Qxg3 55. dxc5 Qf3+ 56. Kg1 f4 57. Qb2 Qe3+ 58. Kf1 Qxc5 59. Qf6+ Qd6 60. Qc3+ Kb5 0-1

[Event "Moscow4"]
[Site "Moscow RUS"]
[Date "1990.??.??"]
[Round "?"]
[White "Bjerring, Kai"]
[Black "Vorotnikov, Vladislav V"]
[Result "0-1"]
[WhiteElo "2325"]
[BlackElo "2405"]
[PlyCount "92"]
[EventDate "1990.??.??"]
[Source "www.chesslib.no"]
[SourceDate "2004.05.04"]

1. e4 e5 2. Nf3 Nc6 3. Bb5 a6 4. Ba4 d6 5. d4 b5 6. Bb3 Nxd4 7. Nxd4 exd4 8. Bd5 Rb8 9. Bc6+ Bd7 10. Bxd7+ Qxd7 11. Qxd4 Nf6 12. O-O Be7 13. Nc3 O-O 14. b3 b4 15. Nd5 Nxd5 16. Qxd5 Bf6 17. Rb1 Qb5 18. a4 bxa3 19. Qxb5 axb5 20. Bxa3 Rfe8 21. f3 Bd4+ 22. Kh1 Rb6 23. Rfd1 Be5 24. Bb2 Rc6 25. Bxe5 Rxe5 26. c4 f5 27. cxb5 Rxb5 28. exf5 Rc3 29. b4 Rc4 30. g4 Rbxb4 31. Kg2 Kf7 32. Rxb4 Rxb4 33. Kg3 Rb6 34. Kf4 c5 35. Ke4 Rb4+ 36. Kd5 Kf6 37. h4 h5 38. Re1 Rd4+ 39. Kc6 hxg4 40. fxg4 Rxg4 41. Kxd6 Kxf5 42. Kxc5 Rxh4 43. Kd5 g5 44. Re5+ Kf4 45. Re8 Kf3 46. Rg8 g4 0-1